| 000 | 01070ngm a22003370a 4500 | ||
|---|---|---|---|
| 001 | PT15512 | ||
| 003 | AR-LpoUNG | ||
| 005 | 20210202000150.0 | ||
| 007 | vd cvaizq | ||
| 008 | 191001s1988||||ag |||||||||||||||||spa d | ||
| 037 | _c$11.66 | ||
| 040 |
_aAR-LpoUNG _bspa _cAR-LpoUNG _eaacr |
||
| 041 | _aspa | ||
| 044 | _aag | ||
| 082 | 0 | _a303.484 849tie | |
| 245 | 1 | 0 |
_aTiempo de victoria : _bdécada del '80 : El Salvador : la guerrilla en acción |
| 260 |
_aBuenos Aires : _bBlackman, _c[1988]. |
||
| 300 | _aVHS (70 min.) : son., col. | ||
| 520 | _aEl video muestra diez años de guerra en El Salvador en un programa producido por el Frente Farabundo Marti de Liberación Nacional (FMLN). | ||
| 650 | 4 | _aEL SALVADOR | |
| 650 | 4 | _aGUERRA CIVIL | |
| 650 | 4 | _aGUERRILLEROS | |
| 650 | 4 | _aMOVIMIENTOS DE LIBERACION NACIONAL | |
| 650 | 4 | _aMOVIMIENTOS SOCIALES | |
| 651 | 4 | _aEl Salvador | |
| 653 | _aDOCUMENTALES | ||
| 653 | _aVIDEOS | ||
| 710 | 2 | _aFrente Farabundo Martí para la Liberación Nacional (El Salvador) | |
| 905 | _a15512 | ||
| 942 | _cVIDEO | ||
| 999 |
_c54242 _d54242 |
||